000 00659nam a22002057a 4500
005 20140517081429.0
008 060411s2006 ja b 101 0 eng
020 _a9280811231
024 0 _ceng
080 _a623.459
245 0 4 _aThe Chemical Weapons Convention :
_cedited by Ramesh Thakur and Ere Haru.
260 _aTokyo ;
_aNew York :
_bUnited Nations University Press,
_c2006.
300 _a190 f. ;
_c23 cm.
504 _aIncludes bibliographical references and index.
650 0 _aKontrolli i armëve
700 1 _aThakur, Ramesh Chandra,
700 1 _aHaru, Ere.
906 _d1
942 _2udc
_cBK
999 _c449
_d449